| 000 | 02055cas a2200529 4500 | ||
|---|---|---|---|
| 001 | 11156362 | ||
| 003 | NUST | ||
| 005 | 20210906111822.0 | ||
| 008 | 751101c19609999pk mr p gv 0 a0eng | ||
| 010 | _asa 64004869 | ||
| 022 | _a0030-994X | ||
| 025 | _aPL480:P-E-E-25 | ||
| 035 | _a(OCoLC)ocm01761760 | ||
| 038 | _aAtta | ||
| 040 |
_aDLC _beng _cMUL _dCOO _dDLC _dNST _dSYS _dOCLCQ _dOCLCF _dOCLCO _dDLC _dHVL _dOCL _dOCLCO _dOCLCA _dOCLCQ |
||
| 042 | _apcc | ||
| 043 | _aa-pk--- | ||
| 050 | 0 | 0 | _aLAW |
| 082 | 0 | 4 | _aVol- |
| 245 | 0 | 0 |
_aPakistan labour cases / _cFounded by Late Malik Mir Muhammad |
| 260 |
_aLahore, _bPLD Publisher |
||
| 300 |
_avolumes _c25 cm |
||
| 310 | _aMonthly | ||
| 336 |
_atext _btxt _2rdacontent |
||
| 337 |
_aunmediated _bn _2rdamedia |
||
| 338 |
_avolume _bnc _2rdacarrier |
||
| 362 | 0 | _av. 1- 1960- | |
| 500 | _a"A journal of the cases relating to civil services, factories, labour, workmen's compensation, industrial disputes, employees' insurance, payment of wages, provident funds, law regulating work in mines, etc." (varies). | ||
| 563 | _aPBK | ||
| 588 | _aLatest issue consulted: Vol. 57 (November 2016). | ||
| 590 | _aSERBIB/SERLOC merged record | ||
| 650 | 0 |
_aLabor laws and legislation _zPakistan _vCases. _955116 |
|
| 650 | 0 |
_aSocial security _xLaw and legislation _zPakistan _vCases. _955117 |
|
| 650 | 7 |
_aLabor laws and legislation. _2fast _0(OCoLC)fst00989967 _955118 |
|
| 650 | 7 |
_aSocial security _xLaw and legislation. _2fast _0(OCoLC)fst01123121 _955119 |
|
| 651 | 7 |
_aPakistan. _2fast _0(OCoLC)fst01210275 |
|
| 655 | 7 |
_aCourt decisions and opinions. _2fast _0(OCoLC)fst01774257 _955120 |
|
| 655 | 7 |
_aTrials, litigation, etc. _2fast _0(OCoLC)fst01423712 _955121 |
|
| 655 | 7 |
_aCourt decisions and opinions. _2lcgft _982163 |
|
| 776 | 0 | 8 |
_iOnline version: _tPakistan labour cases _w(OCoLC)734646944 |
| 906 |
_a7 _bcbc _cserials _d3 _encip _f19 _gn-oclcserc |
||
| 942 |
_2ddc _cCR |
||
| 999 |
_c566053 _d566053 |
||